000 00711nam a22002297a 4500
005 20240530110350.0
008 141221s2010 ua g 000 j ara d
017 _a2009/23157
_bمصر . دار الكتب المصرية
020 _a9879774275749
040 _aEG-CaGPL
041 0 _aara
082 0 4 _221
_a814\
_bى ك
100 0 _aيوسف معاطى
245 1 0 _aكراسى /
_cيوسف معاطى
250 _aط 1
260 _aالقاهرة :
_bالدار المصرية اللبنانية ،
_c2010
300 _a191 ص ؛
_c16 سم
650 0 4 _aالمقالات العربية
650 0 4 _aالادب الساخر
942 _2ddc
_cBK
999 _c60055
_d60055